| 000 | 00901nam a22002417a 4500 | ||
|---|---|---|---|
| 003 | UA-OsUOA | ||
| 001 | 49379 | ||
| 007 | ta | ||
| 008 | 20131219b un ||||| |||| 00| 0 ukr d | ||
| 100 | _aЧумер В. | ||
| 090 |
_a09.-94(477).152 К _bС73 |
||
| 942 | _cBK | ||
| 040 |
_aUA-OsUOA _bukr _cUA-OsUOA _dUA-OsUOA |
||
| 245 |
_aСпомини про переживання перших українських переселенців в Канаді _bЗ нагоди 50-літньої річниці появи перших українських кольоністів в Канаді |
||
| 300 | _a188 с. | ||
| 955 | _a1 | ||
| 041 | _aukr | ||
| 080 | _a09.-94(477).152 К | ||
| 260 |
_aЕдмонтон _c1942 |
||
| 650 | 7 |
_a0 Загальний відділ. _2UDC |
|
| 999 |
_c429501 _d429501 |
||